000
00219 a2200097 4500
001
48480
100
_a
Hammond
245
_a
Hammond citation world atlas
260
_a
New Jersey
_b
Hammond Inc
_c
090
_c
31416
_d
31416
942
_a
NUST-CAE
_c
M
_c
23799
999
_c
283553
_d
283553